[Event "SK Bebenhausen 1 - SF Deizisau 2"]
[Site "Oberliga 2019/2020"]
[Date "2020.03.01"]
[Time "10:00:00"]
[Round "8"]
[White "Jelica, Mara"]
[Black "Wendler, David"]
[WhiteElo "2080"]
[BlackElo "2139"]
[WhiteTeam "SF Deizisau 2"]
[BlackTeam "SK Bebenhausen 1"]
[Board "5"]
[Result "0-1"]

1.d4 Nf6 2.Bg5 c5 3.d5 Qb6 4.Nc3 g6 5.Qd2 Bg7 6.e4 Qxb2 7.Rb1
Nxe4 8.Rxb2 Bxc3 9.Qxc3 Nxc3 10.d6 {(=)} f6 11.Bh6 Kf7 12.Bc4+
e6 13.Be3 Nc6 14.Rb3 Ne4 15.Bd3 c4 16.Bxc4 Nxd6 17.Bd3 Nf5 18.Bd2
d5 19.h4 Nd6 20.h5 g5 21.Ne2 e5 22.Ng3 Be6 23.O-O Rac8 24.Rfb1
Rc7 25.f3 b6 26.Ra3 Kg7 27.Ne2 Kh6 28.Ng3 Rd8 29.Ra4 f5 30.Kf2
e4 31.fxe4 dxe4 32.Re1 Bd5 33.c4 Bf7 34.Bb1 f4 35.Bxf4 gxf4 36.Nxe4
Nxc4 37.Nf6 Rd2+ 38.Kg1 a5 39.Ne8 Rc8 40.Bf5 Rxe8 41.Rxe8 Bxe8
42.Rxc4 Nd4 43.Be4 Bxh5 0-1

[Event "SK Bebenhausen 1 - SF Deizisau 2"]
[Site "Oberliga 2019/2020"]
[Date "2020.03.01"]
[Time "10:00:00"]
[Round "8"]
[White "Frick, Christoph"]
[Black "Gheng, Dominik"]
[WhiteElo "2115"]
[BlackElo "2110"]
[WhiteTeam "SK Bebenhausen 1"]
[BlackTeam "SF Deizisau 2"]
[Board "6"]
[Result "0-1"]

1.d4 d5 2.Bf4 Nf6 3.e3 e6 4.Nd2 Be7 5.Bd3 O-O 6.Ngf3 b6 7.Ne5
Bb7 8.Qf3 Nbd7 9.h4 Nxe5 10.dxe5 Nd7 11.O-O-O Nc5 12.Bxh7+ Kxh7
13.Qh5+ Kg8 14.Nf3 f6 15.Ng5 fxg5 16.hxg5 Rf5 17.Qh7+ Kf7 18.g4
Rxf4 19.exf4 Qf8 20.Rh5 Ne4 21.f5 Bxg5+ 22.Rxg5 Nxg5 23.Qg6+
Ke7 24.Qxg5+ Kd7 25.fxe6+ Kxe6 26.f4 Re8 27.c4 c6 28.Kb1 Kd7
29.cxd5 cxd5 30.a3 Qe7 31.Qg6 Rf8 32.e6+ Qxe6 33.Qxg7+ Rf7 34.Qh8
Rxf4 35.Qb8 Qe4+ 36.Ka1 d4 37.Rc1 Ke6 38.Qe8+ Kf6 39.g5+ Kxg5
40.Rg1+ Kf6 41.Qf8+ Ke6 42.Qe8+ Kd6 43.Qd8+ Kc5 44.Rc1+ Kb5 45.Qd7+
Bc6 46.a4+ Kb4 47.Qd6+ Kxa4 48.Qa3+ Kb5 49.b3 d3 50.Qa4+ Qxa4+ 0-1

[Event "SK Bebenhausen 1 - SF Deizisau 2"]
[Site "Oberliga 2019/2020"]
[Date "2020.03.01"]
[Time "10:00:00"]
[Round "8"]
[White "Brenner, Markus"]
[Black "Roth, Jürgen Eugen"]
[WhiteElo "2030"]
[BlackElo "2115"]
[WhiteTeam "SF Deizisau 2"]
[BlackTeam "SK Bebenhausen 1"]
[Board "7"]
[Result "1/2-1/2"]

1.e4 g6 2.d4 Bg7 3.Nc3 c6 4.f4 d5 5.e5 Nh6 6.Nf3 Bg4 7.h3 Bxf3
8.Qxf3 Nf5 9.Be3 h5 10.Bf2 h4 11.Bd3 e6 12.O-O Bf8 13.Ne2 Qb6
14.b3 Na6 15.c4 1/2-1/2

[Event "SK Bebenhausen 1 - SF Deizisau 2"]
[Site "Oberliga 2019/2020"]
[Date "2020.03.01"]
[Time "10:00:00"]
[Round "8"]
[White "Khadempour, Farhad"]
[Black "Malich, Roman"]
[WhiteElo "2107"]
[BlackElo "1931"]
[WhiteTeam "SK Bebenhausen 1"]
[BlackTeam "SF Deizisau 2"]
[Board "8"]
[Result "1-0"]

1.c4 f5 2.b3 Nf6 3.Bb2 d6 4.d4 e6 5.Nf3 Be7 6.Nbd2 O-O 7.e3 b6
8.Qc2 Bb7 9.Bd3 Qe8 10.O-O-O d5 11.Kb1 Ne4 12.Rhf1 c6 13.Ne5
Bb4 14.Ndf3 Qe7 15.Ng1 Nd7 16.Nxd7 Qxd7 17.f3 Nf6 18.Ne2 Bd6
19.h3 Rae8 20.g4 g6 21.Rg1 Kh8 22.Nc3 Qc7 23.Qg2 Re7 24.Rdf1
Rfe8 25.h4 Rg7 26.e4 fxe4 27.fxe4 Nxe4 28.Nxe4 dxe4 29.Bxe4 e5
30.d5 c5 31.Rf3 Rgg8 32.Rgf1 Rg7 33.Qg3 Kg8 34.g5 Bc8 35.Rf6
Qe7 36.Qf3 Qd8 37.h5 Rf8 38.hxg6 hxg6 39.Rxf8+ Qxf8 40.Qxf8+
Bxf8 41.Bxe5 Rf7 42.Bf6 Bf5 43.Bxf5 gxf5 44.Rxf5 Be7 45.Kc2 Kh7
46.Kd3 Kg6 47.Ke4 Bd6 48.Rf2 Rh7 49.Be5 Be7 50.Bf4 Rh1 51.d6
Bd8 52.Rg2 Rd1 53.Ke5 Rd4 54.Bd2 1-0

[Event "SV Jedesheim 1 - SK Schmiden/Cannstatt 1"]
[Site "Oberliga 2019/2020"]
[Date "2020.03.01"]
[Time "10:00:00"]
[Round "8"]
[White "Holzhäuer, Mathias"]
[Black "Pikula, Dejan"]
[WhiteElo "2178"]
[BlackElo "2442"]
[WhiteTeam "SK Schmiden/Cannstatt 1"]
[BlackTeam "SV Jedesheim 1"]
[Board "1"]
[Result "1/2-1/2"]

1.e4 d6 2.f4 d5 3.exd5 Qxd5 4.Nc3 Qd8 5.d4 g6 6.Bc4 Bg7 7.Nf3
Nh6 8.Ne5 O-O 9.Be3 Nc6 10.Qd2 Nxe5 11.dxe5 Qxd2+ 12.Bxd2 c6
13.h3 {(=)} Nf5 14.Ne2 b5 15.Bb3 c5 16.Bd5 Rb8 17.g4 Rd8 18.Be4
Nd4 19.Ba5 Rd7 20.c3 Nxe2 21.Kxe2 Bb7 22.Bxb7 Rbxb7 23.Rhd1 g5
24.Kf3 gxf4 25.Kxf4 Kf8 26.Ke4 Ke8 27.Rd5 c4 28.Rc5 Rb8 29.a4
bxa4 30.Rxa4 Rd2 31.Raxc4 Rdxb2 32.Rc8+ Rxc8 33.Rxc8+ Kd7 34.Rc7+
Ke6 35.Rc6+ Kd7 36.Rc7+ Ke6 37.Rc6+ 1/2-1/2

[Event "SV Jedesheim 1 - SK Schmiden/Cannstatt 1"]
[Site "Oberliga 2019/2020"]
[Date "2020.03.01"]
[Time "10:00:00"]
[Round "8"]
[White "Heidenfeld, Mark"]
[Black "Niklasch, Oliver"]
[WhiteElo "2352"]
[BlackElo "2229"]
[WhiteTeam "SV Jedesheim 1"]
[BlackTeam "SK Schmiden/Cannstatt 1"]
[Board "2"]
[Result "1/2-1/2"]

1.e4 e6 2.d4 d5 3.Nc3 Bb4 4.Nge2 dxe4 5.a3 Bxc3+ 6.Nxc3 Nc6 7.Bb5
Nge7 8.Bg5 f6 9.Be3 O-O 10.Qd2 f5 11.O-O-O Nd5 12.Nxd5 exd5 13.Bxc6
bxc6 14.Bf4 1/2-1/2

[Event "SV Jedesheim 1 - SK Schmiden/Cannstatt 1"]
[Site "Oberliga 2019/2020"]
[Date "2020.03.01"]
[Time "10:00:00"]
[Round "8"]
[White "Krockenberger, Martin"]
[Black "Trussevich, Sergey"]
[WhiteElo "2150"]
[BlackElo "2314"]
[WhiteTeam "SK Schmiden/Cannstatt 1"]
[BlackTeam "SV Jedesheim 1"]
[Board "3"]
[Result "1-0"]

1.d4 Nf6 2.c4 e6 3.g3 c5 4.d5 exd5 5.cxd5 b5 6.Bg2 d6 7.e4 Nbd7
8.Ne2 Rb8 9.O-O g6 10.h3 Bg7 11.g4 O-O 12.Ng3 c4 13.Be3 Qc7 14.Nc3
Ne5 15.Qd2 Re8 16.Bd4 Nd3 17.Nce2 Nc5 18.f3 Ba6 19.Kh2 b4 20.Rg1
Rec8 21.Bf1 Ne8 22.Bxg7 Nxg7 23.Nd4 Nd7 24.Qh6 Nf6 25.Ngf5 Nxf5
26.gxf5 Qe7 27.Nc6 Rxc6 28.dxc6 Qe5+ 29.Kh1 Qxb2 30.fxg6 hxg6
31.Rc1 Qd4 32.Bg2 Rb5 33.Rgd1 Qc5 34.f4 Qe3 35.Re1 Qg3 36.e5
dxe5 37.Red1 Rb8 38.c7 Re8 39.Rd8 exf4 40.Bd5 Bc8 41.Rg1 Qxh3+
42.Qxh3 Bxh3 43.Rxg6+ Kh7 44.Rxf6 Re5 45.Rxf7+ Kg6 46.Rg8+ Kh6
47.Bxc4 f3 48.Rh8+ Kg5 49.Rxh3 Rc5 50.Rg3+ Kh6 51.Bd3 Rh5+ 52.Kg1
f2+ 53.Kxf2 1-0

[Event "SV Jedesheim 1 - SK Schmiden/Cannstatt 1"]
[Site "Oberliga 2019/2020"]
[Date "2020.03.01"]
[Time "10:00:00"]
[Round "8"]
[White "Anistratov, Dmitriy"]
[Black "Löhr, Markus"]
[WhiteElo "2240"]
[BlackElo "2108"]
[WhiteTeam "SV Jedesheim 1"]
[BlackTeam "SK Schmiden/Cannstatt 1"]
[Board "4"]
[Result "1/2-1/2"]

1.c4 e5 2.Nc3 Nf6 3.Nf3 Nc6 4.e3 Bb4 5.Qc2 Bxc3 6.Qxc3 Qe7 7.Be2
O-O 8.a3 d5 9.d4 exd4 10.Nxd4 Nxd4 11.Qxd4 c5 12.Qf4 dxc4 13.Bxc4
Be6 14.O-O Bxc4 15.Qxc4 Rfd8 16.f3 a6 17.a4 b5 18.Qa2 Rac8 19.axb5
axb5 20.e4 Qe5 21.Be3 Rd3 22.Bf2 Rcd8 23.b3 Qd6 24.Rac1 Qe6 25.Qa5
c4 26.bxc4 bxc4 27.Be1 h6 28.Bc3 Rc8 29.Qa1 Ne8 30.Kh1 f6 31.Qa7
Nc7 32.Qa5 Qc6 33.Qf5 Nb5 34.Bb4 c3 35.e5 Rd5 36.f4 Rd2 37.Qh3
fxe5 38.fxe5 Re2 39.Bd6 c2 40.Qg4 Re4 41.Qe6+ Kh8 42.Qg6 Rxe5
43.Rxc2 Qxc2 44.Qxc2 Rxc2 45.Bxe5 Re2 1/2-1/2

[Event "SV Jedesheim 1 - SK Schmiden/Cannstatt 1"]
[Site "Oberliga 2019/2020"]
[Date "2020.03.01"]
[Time "10:00:00"]
[Round "8"]
[White "Thoma, Christian"]
[Black "Römer, Ulrich"]
[WhiteElo "2156"]
[BlackElo "2167"]
[WhiteTeam "SK Schmiden/Cannstatt 1"]
[BlackTeam "SV Jedesheim 1"]
[Board "5"]
[Result "1/2-1/2"]

1.d4 d6 2.c4 e5 3.Nf3 exd4 4.Nxd4 g6 5.Nc3 Bg7 6.e4 Nf6 7.Be2
O-O 8.O-O Re8 9.f3 Nc6 10.Nc2 Nh5 11.g4 Be5 12.gxh5 Bxh2+ 1/2-1/2

[Event "SV Jedesheim 1 - SK Schmiden/Cannstatt 1"]
[Site "Oberliga 2019/2020"]
[Date "2020.03.01"]
[Time "10:00:00"]
[Round "8"]
[White "Engelhart, Achim"]
[Black "Eisele, Steffen"]
[WhiteElo "2011"]
[BlackElo "2195"]
[WhiteTeam "SV Jedesheim 1"]
[BlackTeam "SK Schmiden/Cannstatt 1"]
[Board "6"]
[Result "1-0"]

1.e4 e6 2.d4 d5 3.Nd2 Nf6 4.e5 Nfd7 5.c3 c5 6.Bd3 Nc6 7.Ne2 Qb6
8.Nf3 cxd4 9.cxd4 f6 10.exf6 Nxf6 11.O-O Bd6 12.Bf4 Bxf4 13.Nxf4
O-O 14.Qd2 Bd7 15.Rad1 Qc7 16.Rfe1 Ne4 17.Bxe4 Rxf4 18.Bb1 Raf8
19.Qe3 Qd8 20.Rd2 Rxf3 21.gxf3 Qh4 22.Kh1 Rf4 23.Red1 g5 24.Bc2
a6 25.Ba4 b5 26.Bc2 Kf7 27.Bb3 Kf6 28.Rd3 Qh3 29.Rg1 e5 30.dxe5+
Nxe5 31.Rxd5 Nxf3 32.Rd6+ 1-0

[Event "SV Jedesheim 1 - SK Schmiden/Cannstatt 1"]
[Site "Oberliga 2019/2020"]
[Date "2020.03.01"]
[Time "10:00:00"]
[Round "8"]
[White "Witke, Thomas"]
[Black "Büchele, Johannes"]
[WhiteElo "2089"]
[BlackElo "1959"]
[WhiteTeam "SK Schmiden/Cannstatt 1"]
[BlackTeam "SV Jedesheim 1"]
[Board "7"]
[Result "1/2-1/2"]

1.d4 Nf6 2.Bf4 d5 3.e3 c5 4.c3 Nc6 5.Nd2 e6 6.Ngf3 Bd6 7.Bg3
O-O 8.Ne5 Qc7 9.f4 Ne4 10.Bd3 Nxd2 11.Qxd2 f6 {(=)} 12.Nxc6 bxc6
13.O-O c4 14.Be2 Bd7 15.Bf3 f5 16.Rfd1 Rab8 17.Qc2 1/2-1/2